| 000 | 00518nam a2200181 a 4500 | ||
|---|---|---|---|
| 001 | 000710976 | ||
| 003 | AM-YeHGA | ||
| 005 | 20250617142731.0 | ||
| 008 | 100204s1967 ||| r 000 0 rus d | ||
| 040 | _aAM-YeHGA | ||
| 041 | 0 | _arus | |
| 245 | 0 | 0 |
_aМаяк : _bСтихи / _cРед. С.В. Ботвинник. |
| 260 |
_aЛенинград : _bЛениздат, _c1967. |
||
| 300 | _a67 с. | ||
| 653 | 0 | _aСоветская поэзия | |
| 700 | 1 |
_aБотвинник, С.В. _eред. _4edt |
|
| 090 | _c264454 | ||
| 999 |
_c262829 _d262829 |
||